000 00707nam a2200253Ia 4500
003 OSt
005 20221005065918.0
006 a|||||r|||| 00| 0
007 ta
008 221004b |||||||| |||| 00| 0 eng d
020 _cIndian Rupees 700
024 _a35584
037 _bGift, 01/02/2018,
_cTextual
040 _aCRL
_cCRL
_beng
041 _2eng
_aeng
082 _aV233.N5, P8
100 _aMatlani Prem Au.
_9605132
245 0 _aIndus empire
_b history of Sindh
260 _aMumbai
_bGlobal Sindhi Council India
_c2008
300 _a184p.
_ccm.
650 _aHISTORY
942 _hV233.N5, P8
_cTEXL
_2cc
999 _c975418
_d975418